A viagem do Pai Natal (Registo nº 1846)

Detalhes MARC
000 -Etiqueta do registo
Cabeçalho 00853nam a22002891 4500
005 - Identificador da versão
Campo de controlo 20240827103943.0
010 ## - Número internacional normalizado dos livros (ISBN)
Número (ISBN) 9720707712
021 ## - Número do Depósito Legal
Código do país PT
Número 222021/05
100 ## - Dados gerais de processamento
Dados gerais de processamento 20070516g2005 bc y0pory5003 ba
101 1# - Língua de publicação
Língua do texto, banda sonora, etc. Português
Língua do documento no original Inglês
102 ## - Pais de publicação ou produção
País de publicação Portugal
105 ## - Campo de dados codificados: livros
Dados codificados dos livros a z 000fy
106 ## - Campo de dados codificados: material textual
Dados codificados do material textual r
200 1# - Titulo e menção de responsabilidade
Título próprio A viagem do Pai Natal
Primeira menção de responsabilidade [ed. lit] Porto Editora
205 ## - Menção da edição
Menção da edição [1ª ed.]
210 ## - Publicação, Distribuição, etc. 
Lugar da edição, distribuição, etc. Porto
Nome do editor, distribuidor, etc. Porto Editora
Data da publicação, distribuição, etc. D.L. 2005
215 ## - Descrição física 
Indicação específica da natureza do documento e extensão da espécie [12] p.
Outras indicações físicas todo il.
Dimensões 26 cm
225 2# - Colecção 
Título próprio da colecção Grande magia de Natal
Informação de outro título da colecção  a partir dos 3 anos
300 ## - Notas gerais 
Texto da nota Obra integrada no Plano Nacional de Leitura
304 ## - Notas relativas a título e menção de responsabilidade 
Texto da nota Tít. orig.: Santa's sleigh ride
Texto da nota Tít. orig.: What made the snowman smile
606 ## - Nome comum usado como assunto
Número de registo de entrada de autoridade 0000001
Palavra de ordem Literatura estrangeira infantil
Subdivisão de assunto Conto
675 ## - Classificação Decimal Universal (CDU)
Notação 82-34
Edição
Língua da edição por
710 02 - Nome de colectividade-autor (responsabilidade principal)
Número de registo de entrada de autoridade 0000375
Palavra de ordem Porto Editora
942 ## - Elementos de entrada adicionados (Koha)
Tipo de item no Koha Livro
Exemplares
Situação do levantamento Origin of item (home branch) (coded) Biblioteca de empréstimo Código de barras Cota Circulation type (not for loan) Tipo de documento Nota do exemplar Damaged status
  Biblioteca Escolar da Coca Maravilhas Biblioteca Escolar da Coca Maravilhas BECM7965/07 8EST MAG   Livro Sem mensagem